[Event "OSS Klubbmesterskap 2018"]
[Site "Bogstadveien 30, Oslo"]
[Date "2018.08.30"]
[Round "1"]
[White "Melaa, Sondre Lillestøl"]
[Black "Abdrlauf, Elham"]
[Result "1/2-1/2"]
[WhiteElo "2077"]
[BlackElo "2069"]

1. e4 d6 2. d4 g6 3. Bc4 Bg7 4. Nf3 Nf6 5. Qe2 O-O 6. O-O c6 7. Nbd2 d5 8. Bd3
dxe4 9. Nxe4 Nxe4 10. Bxe4 Nd7 11. c3 e5 12. dxe5 Re8 13. Bf4 Nxe5 14. Qc2
Nxf3+ 15. Bxf3 Bf5 16. Qb3 Qb6 17. Qxb6 axb6 18. Be3 b5 19. Rfd1 b4 20. Bd4
bxc3 21. bxc3 Ra3 22. g4 Bc2 23. Rd2 Bxd4 24. Rxc2 Bxc3 25. Rd1 Bf6 26. Kg2 Re7
27. h3 Kg7 28. Rdd2 Rc7 29. Rc5 h6 30. Rdc2 Be7 31. R5c3 Rxc3 32. Rxc3 Bb4 33.
Rb3 Ba5 34. Rb1 b6 35. Rc1 c5 36. Be2 Kf6 37. Bc4 Rd7 38. Rc2 Ke5 39. Kf3 Kd4
40. Bb5 Re7 41. Rc4+ Kd5 42. a4 g5 43. Kg3 Re1 44. Kf3 Rh1 45. Kg2 Rb1 46. Rc2
f6 47. f3 Rb4 48. Rd2+ Rd4 49. Rxd4+ Kxd4 50. Kf2 Bd2 51. Ke2 Bf4 52. Kd1 Ke3
53. Bc6 Kf2 54. Kc2 Kg3 55. Be4 Kxh3 56. Kb3 Kh4 57. Kc4 h5 58. Bf5 Be5 59. Kb5
c4 60. Kxb6 hxg4 61. fxg4 c3 62. a5 c2 63. Bxc2 Kxg4 64. a6 Bh2 65. Kc6 Bg1 66.
Kd5 f5 67. Ke5 f4 68. Bd1+ Kg3 69. Kf5 Kh4 70. Bg4 Be3 71. Bd1
1/2-1/2

[Event "OSS Klubbmesterskap 2018"]
[Site "Bogstadveien 30, Oslo"]
[Date "2018.08.30"]
[Round "1"]
[White "Hansen, Tommy"]
[Black "Sidali, Elias Hulleberg"]
[Result "0-1"]
[WhiteElo "1771"]
[BlackElo "1883"]

1. e4 c6 2. d4 d5 3. exd5 cxd5 4. c4 Nf6 5. Nc3 Nc6 6. Nf3 Bg4 7. Be3 e6 8. h3
Bxf3 9. Qxf3 dxc4 10. Bxc4 Nxd4 11. Bxd4 Qxd4 12. Bb5+ Nd7 13. Qxb7 Qe5+ 14.
Kf1 Rd8 15. Rd1 Bd6 16. Ne4 O-O 17. Nxd6 Nc5 18. Qc6 Ne4 19. Re1 Nd2+ 20. Kg1
Qxe1+ 21. Kh2 Qe5+ 22. g3 Rxd6 23. Qc7 Qd4 24. Kg2 Qd5+
0-1

[Event "OSS Klubbmesterskap 2018"]
[Site "Bogstadveien 30, Oslo"]
[Date "2018.08.30"]
[Round "1"]
[White "Tunsjø, Axel"]
[Black "Salles, Louis"]
[Result "0-1"]
[WhiteElo "1927"]
[BlackElo "2247"]

1. e4 c5 2. Nc3 d6 3. g3 g6 4. Bg2 Bg7 5. Nge2 Nc6 6. O-O Rb8 7. b3 e6 8. Bb2
Nge7 9. Na4 e5 10. f4 O-O 11. fxe5 Nxe5 12. d4 Ng4 13. Qd2 b5 14. Nac3 Qb6 15.
Nd5 Nxd5 16. exd5 c4 17. h3 Nh6 18. Kh1 Ba6 19. b4 Rbe8 20. g4 Qd8 21. Rae1 Bc8
22. Bc1 Bxg4 23. hxg4 Qh4+ 24. Kg1 Nxg4 25. Qf4 g5 26. Qxd6 Be5
0-1

[Event "OSS Klubbmesterskap 2018"]
[Site "Bogstadveien 30, Oslo"]
[Date "2018.08.30"]
[Round "2"]
[White "Melaa, Sondre Lillestøl"]
[Black "Hansen, Tommy"]
[Result "1-0"]
[WhiteElo "2077"]
[BlackElo "1771"]

1. e4 d6 2. d4 Nf6 3. Nc3 Nbd7 4. Nf3 e5 5. Bc4 Be7 6. Bg5 c6 7. a3 Qc7 8. O-O
h6 9. Bh4 Nf8 10. h3 g5 11. Bg3 Ng6 12. Kh2 g4 13. dxe5 dxe5 14. Nh4 Nxh4 15.
Bxh4 gxh3 16. gxh3 Ng4+ 17. hxg4 Bxh4 18. Qf3 Rg8 19. Rg1 Rg7 20. Qh3 Qe7 21.
Be2 Bd7 22. Rad1 Bxf2 23. Rg2 Bh4 24. Rxd7 Kxd7 25. g5+ Kc7 26. Qxh4 hxg5 27.
Qf2 Rh8+ 28. Kg1 Rgh7 29. Kf1 Rh1+ 30. Rg1 R1h2 31. Qxa7 Qf6+ 32. Ke1 Qf4 33.
Qc5 Rd8 34. Qa5+ b6 35. Qa7+ Kd6 36. Qxb6 Qc1+ 37. Nd1 Ke7 38. Qc5+ Kf6 39.
Rf1+ Kg6 40. Qxc6+
1-0

[Event "OSS Klubbmesterskap 2018"]
[Site "Bogstadveien 30, Oslo"]
[Date "2018.08.30"]
[Round "2"]
[White "Sidali, Elias Hulleberg"]
[Black "Tunsjø, Axel"]
[Result "0-1"]
[WhiteElo "1883"]
[BlackElo "1927"]

1. d4 Nf6 2. c4 g6 3. Nc3 Bg7 4. h4 h6 5. g3 d5 6. Bg2 dxc4 7. Qa4+ c6 8. Qxc4
Nbd7 9. a4 a5 10. Nf3 Nb6 11. Qc5 Be6 12. Ne5 Nfd7 13. Nxc6 bxc6 14. Bxc6 O-O
15. Qa3 Nc4 16. Qa2 Bxd4 17. Bxa8 Qxa8 18. f3 Ne3 19. Bxe3 Bxc3+ 20. bxc3 Bxa2
21. Rxa2 Qd5 22. Rd2 Qe5 23. Kf2 Nc5 24. Bxh6 Rc8 25. Be3 Nxa4 26. Bd4 Qe6 27.
h5 g5 28. Ra1 Nxc3 29. Rxa5 f6 30. g4 Qd6 31. Kg1 Nxe2+
0-1

[Event "OSS Klubbmesterskap 2018"]
[Site "Bogstadveien 30, Oslo"]
[Date "2018.08.30"]
[Round "2"]
[White "Abdrlauf, Elham"]
[Black "Johansen, Øivind"]
[Result "1-0"]
[WhiteElo "2069"]
[BlackElo "2044"]

1. e4 c6 2. d4 d5 3. Nc3 dxe4 4. Nxe4 Nf6 5. Nxf6+ exf6 6. Nf3 Bd6 7. Bd3 O-O
8. O-O Re8 9. c3 Nd7 10. Be3 Nf8 11. h3 Be6 12. c4 Qd7 13. Re1 Rad8 14. Bf1 g5
15. d5 cxd5 16. c5 Bb8 17. Bd4 Qe7 18. Bb5 Ng6 19. Bxe8 Rxe8 20. Qd2 h6 21. h4
g4 22. h5 Nf4 23. Nh4 f5 24. g3 Qg5 25. Qc2 Nh3+ 26. Kg2 f4 27. Qf5 fxg3 28.
Qxg5+ hxg5 29. Nf5 gxf2 30. Bxf2 Nf4+ 31. Kf1 Nxh5 32. Nd6 Bxd6 33. cxd6 Rd8
34. Re5 Nf4 35. Rxg5+ Ng6 36. Bd4 Rxd6 37. Kf2 Rc6 38. Rh1 Kf8 39. Bf6 Rc2+ 40.
Ke3 Ke8 41. Rh7 Rc4 42. Bd4 b6 43. b3 Rc1 44. Kd2 Rf1 45. a4 Rf3 46. Kc2 Rf4
47. Be3 Rf3 48. Bd4 Rf4 49. Be3 Rf3 50. Kd2 d4 51. Bxd4 Rxb3 52. a5 bxa5 53.
Rxa5 Rh3 54. Rg7 Kd7 55. Rxa7+ Kc6 56. Rg8 Kd5 57. Rd8+ Ke4 58. Bg1 Rg3 59. Bf2
Rg2 60. Ke1 Rh2 61. Ra4+ Kf5 62. Ra5+ Kf4 63. Rd4+ Kf3 64. Ra3+ Kg2 65. Rg3+
1-0

[Event "OSS Klubbmesterskap 2018"]
[Site "Bogstadveien 30, Oslo"]
[Date "2018.08.30"]
[Round "3"]
[White "Tunsjø, Axel"]
[Black "Melaa, Sondre Lillestøl"]
[Result "1-0"]
[WhiteElo "1927"]
[BlackElo "2077"]

1. e4 e5 2. Nf3 Nc6 3. Bc4 Bc5 4. O-O Nf6 5. d3 d6 6. a4 O-O 7. c3 a6 8. Nbd2
Be6 9. Re1 Ng4 10. Re2 Bxc4 11. dxc4 a5 12. h3 Nf6 13. Nf1 Qd7 14. Ng3 Qe6 15.
Qd3 Ne8 16. Nh4 g6 17. Bh6 Ng7 18. Rf1 Qe7 19. Bxg7 Qxh4 20. Bxf8 Rxf8 21. Kh2
Ne7 22. Qd2 f5 23. f4 fxe4 24. fxe5 e3 25. Rxf8+ Kxf8 26. Qd3 Qf4 27. exd6 Bxd6
28. Rxe3 Nf5 29. c5 Be5 30. Qd8+ Kg7 31. Rf3 Qe4 32. Qg5 h6 33. Qg4 Qxg4 34.
hxg4 Nxg3 35. Rxg3 Kf6 36. g5+ hxg5 37. Kh3 Bxg3 38. Kxg3 Kf5 39. b4 c6 40. Kf3
g4+ 41. Ke3 Ke5 42. g3 Kd5 43. Kd3 Ke5 44. bxa5 Kd5 45. c4+ Kxc5 46. Kc3 g5 47.
Kb3 Kd4 48. Kb4 Ke3 49. Kc5 Kf3 50. Kb6 Kxg3 51. Kxb7 Kf3 52. a6 g3 53. a7 g2
54. a8=Q g1=Q 55. Qf8+ Ke2 56. Qe8+ Kd3 57. Qxc6 g4 58. c5 g3 59. Qb5+ Kd2 60.
c6 Qh1 61. Qg5+ Kc2 62. Qxg3 Qb1+ 63. Ka7 Qb4 64. Qf2+ Kd3 65. Qf5+ Ke3 66.
Qe5+ Kf3 67. a5 Qc4 68. c7 Qf7 69. Qc3+ Kg4 70. Kb8 Qf4 71. a6 Qd6 72. Qc4+ Kf5
73. Qb5+ Ke6 74. a7
1-0

[Event "OSS Klubbmesterskap 2018"]
[Site "Bogstadveien 30, Oslo"]
[Date "2018.08.30"]
[Round "3"]
[White "Hansen, Tommy"]
[Black "Abdrlauf, Elham"]
[Result "0-1"]
[WhiteElo "1771"]
[BlackElo "2069"]

1. e4 c6 2. d4 d5 3. exd5 cxd5 4. c4 Nf6 5. Nc3 Nc6 6. Nf3 Bg4 7. cxd5 Nxd5 8.
Qb3 Nxc3 9. bxc3 Qd7 10. Be2 e6 11. O-O Bd6 12. Re1 O-O 13. Be3 Na5 14. Qc2 Bf5
15. Qd2 Rac8 16. Ne5 Bxe5 17. dxe5 Qc7 18. Rac1 Rfd8 19. Qb2 b6 20. c4 Nb7 21.
Red1 h6 22. Qc3 Nc5 23. f3 Na4 24. Rxd8+ Rxd8 25. Qa1 Bd3 26. Bd1 Nc5 27. Qc3
Rd7 28. Bb3 Bf5 29. Rd1 Nd3 30. Ba4 Rd8 31. g4 Bg6 32. Bc2 Nxe5 33. Rxd8+ Qxd8
34. Bxg6 Nxg6 35. c5 bxc5 36. Qxc5 a6 37. Kf2 Qd3 38. Bc1 Kh7 39. Kg3 Qe2 40.
Qf2 Qc4 41. h4 Ne5 42. Bf4 Qxf4+ 43. Kxf4 Nd3+ 44. Ke3 Nxf2 45. Kxf2 h5 46. g5
Kg6 47. Ke3 Kf5 48. a3 e5 49. a4 a5 50. Ke2 Kf4 51. Kf2 e4 52. fxe4 Kxe4 53.
Kg3 g6 54. Kg2 Kf4 55. Kh3 Kf3
0-1

[Event "OSS Klubbmesterskap 2018"]
[Site "Bogstadveien 30, Oslo"]
[Date "2018.08.30"]
[Round "3"]
[White "Al-Tarbosh, Ward"]
[Black "Sidali, Elias Hulleberg"]
[Result "1-0"]
[WhiteElo "2305"]
[BlackElo "1883"]

1. e4 e5 2. Nf3 Nf6 3. Nxe5 d6 4. Nf3 Nxe4 5. d4 d5 6. Bd3 Bd6 7. O-O O-O 8. c4
c6 9. Re1 Re8 10. Nc3 Nxc3 11. bxc3 Rxe1+ 12. Qxe1 dxc4 13. Bxc4 Bf5 14. Ng5
Bg6 15. Bd2 Nd7 16. Bb3 Nf6 17. f4 h6 18. f5 Bh5 19. Ne4 Nxe4 20. Qxe4 Qe7 21.
Qxe7 Bxe7 22. h3 Be2 23. Re1
1-0

[Event "OSS Klubbmesterskap 2018"]
[Site "Bogstadveien 30, Oslo"]
[Date "2018.08.30"]
[Round "3"]
[White "Johansen, Øivind"]
[Black "Salles, Louis"]
[Result "0-1"]
[WhiteElo "2044"]
[BlackElo "2247"]

1. c4 e5 2. Nc3 Nf6 3. Nf3 Nc6 4. g3 Bb4 5. Bg2 O-O 6. a3 Bxc3 7. dxc3 d6 8.
O-O e4 9. Nd4 Ne5 10. b3 Re8 11. Bg5 Neg4 12. h3 h6 13. Bf4 Ne5 14. Qd2 Bd7 15.
Rad1 Qe7 16. Rfe1 Ng6 17. Be3 a6 18. Nc2 b5 19. cxb5 axb5 20. Qd4 Be6 21. Rb1
c5 22. Qd2 Rad8 23. Red1 Bd5 24. f4 exf3 25. exf3 Ne5 26. Rf1 Qb7 27. Ne1 Qe7
28. Nc2 Ba8 29. Bf4 Nd5 30. Rfe1 Qf6 31. Bxe5 dxe5 32. Qf2 Nxc3 33. Rbc1 Qg5
34. Ne3 b4 35. h4 Qf6 36. Nc4 e4 37. f4 Rd3 38. Ne5 Rxe5 39. fxe5 Qxe5 40. axb4
cxb4 41. Qa7 Bd5 42. Re3 Rxe3 43. Qxe3 Bxb3 44. Kh2 Bd5 45. Bf1 Be6 46. Bd3 f5
47. Bb1 Nd5 48. Qe2 f4 49. Qxe4 fxg3+ 50. Kg1 Qxe4 51. Bxe4 Nf4 52. Rc6 g5 53.
hxg5 hxg5 54. Rb6 b3 55. Rxe6 Nxe6 56. Bd5 Kf7 57. Bxb3 Kf6 58. Kg2 Nd4 59. Bc4
Nf5 60. Ba6 Ke5 61. Bc8 Nd6 62. Bd7 Kf4 63. Be6 Ne4 64. Bc8 Nd2 65. Bb7 Nc4 66.
Bc6 Ne3+ 67. Kg1 Nf5 68. Kg2 Nh4+ 69. Kg1 Ng6 70. Kg2 Kg4 71. Bd7+ Kh4 72. Bc8
Nf4+ 73. Kg1 g4 74. Ba6 Kh3 75. Bb7 g2 76. Ba6 Kg3
0-1

[Event "OSS Klubbmesterskap 2018"]
[Site "Bogstadveien 30, Oslo"]
[Date "2018.08.30"]
[Round "4"]
[White "Melaa, Sondre Lillestøl"]
[Black "Al-Tarbosh, Ward"]
[Result "1/2-1/2"]
[WhiteElo "2077"]
[BlackElo "2305"]

1. e4 e6 2. d4 d5 3. Nd2 c5 4. exd5 Qxd5 5. Ngf3 cxd4 6. Bc4 Qd6 7. O-O Nf6 8.
Nb3 Nc6 9. Nbxd4 Nxd4 10. Nxd4 a6 11. Re1 Be7 12. c3 O-O 13. Qf3 e5 14. Nf5
Bxf5 15. Qxf5 Rad8 16. Bg5 b5 17. Bb3 h6 18. Bh4 Qd2 19. Qxe5 Bd6 20. Qf5 Rfe8
21. Red1 Qf4 22. Qxf4 Bxf4 23. Bxf6 gxf6 24. Rxd8 Rxd8 25. Rd1 Rxd1+ 26. Bxd1
Bc1 27. b3 Bb2 28. c4 b4 29. Bf3 Bd4 30. Bd5 Kf8 31. Kf1 Ke7 32. Ke2 f5 33. f3
Bg1 34. h3 f4 35. Kd3 f5 36. c5 Bxc5 37. Kc4 Bd6 38. Bb7 a5 39. Kd5 Bc7 40. Kc6
Bd8 41. Bc8 Kf6 42. Bd7 Kg5 43. Kd5 h5 44. Be8 Bc7 45. Ke6 Bd8 46. Bf7 Bc7 47.
Be8 Bd8 48. Bf7 Bc7
1/2-1/2

[Event "OSS Klubbmesterskap 2018"]
[Site "Bogstadveien 30, Oslo"]
[Date "2018.08.30"]
[Round "4"]
[White "Hansen, Tommy"]
[Black "Tunsjø, Axel"]
[Result "1-0"]
[WhiteElo "1771"]
[BlackElo "1927"]

1. e4 c5 2. c3 Nf6 3. e5 Nd5 4. d4 cxd4 5. Nf3 d6 6. cxd4 e6 7. Bd3 Be7 8. O-O
O-O 9. exd6 Bxd6 10. Nc3 Nxc3 11. bxc3 h6 12. Qe2 Nd7 13. Re1 Re8 14. Bd2 e5
15. dxe5 Nxe5 16. Nxe5 Bxe5 17. Bf4 f6 18. Qe4 Bd7 19. Qh7+ Kf8 20. Bg6 Re6 21.
Qh8+ Ke7 22. Qxg7+ Kd6 23. Rad1+ Kc7 24. Bxe5+ fxe5 25. Rxe5 Rxe5 26. Qxe5+ Kc8
27. Bf5
1-0

[Event "OSS Klubbmesterskap 2018"]
[Site "Bogstadveien 30, Oslo"]
[Date "2018.08.30"]
[Round "4"]
[White "Sidali, Elias Hulleberg"]
[Black "Johansen, Øivind"]
[Result "0-1"]
[WhiteElo "1883"]
[BlackElo "2044"]

1. d4 Nf6 2. Bf4 c5 3. e3 g6 4. Nc3 cxd4 5. exd4 Bg7 6. Qd2 d6 7. O-O-O h5 8.
Bc4 Nc6 9. Nf3 a6 10. Rhe1 O-O 11. Bh6 b5 12. Bb3 Na5 13. Bd5 Ra7 14. Bxg7 Kxg7
15. Qe2 b4 16. Bxf7 Rxf7 17. Ne5 bxc3
0-1

[Event "OSS Klubbmesterskap 2018"]
[Site "Bogstadveien 30, Oslo"]
[Date "2018.08.30"]
[Round "4"]
[White "Abdrlauf, Elham"]
[Black "Salles, Louis"]
[Result "0-1"]
[WhiteElo "2069"]
[BlackElo "2247"]

1. e4 c5 2. Nf3 d6 3. d4 cxd4 4. Nxd4 Nf6 5. Nc3 a6 6. Bg5 e6 7. f4 Qc7 8. Qf3
Nc6 9. O-O-O Nxd4 10. Rxd4 Be7 11. Be2 Bd7 12. e5 dxe5 13. fxe5 Bc6 14. Qg3 Bc5
15. Rd2 Nd7 16. Rhd1 h6 17. Bf3 hxg5 18. Bxc6 Qxc6 19. Rxd7 Be7 20. Rxe7+ Kxe7
21. Qxg5+ Kf8 22. Rd8+ Rxd8 23. Qxd8+ Qe8 24. Qd6+ Kg8 25. h3 Rh5 26. Ne2 Qb5
27. Ng3 Rxe5 28. Qd8+ Kh7 29. Qh4+ Kg6 30. Qg4+ Kf6 31. a4 Qd5 32. b3 g6 33.
Kb2 Kg7 34. h4 Re1 35. b4 Qe5+ 36. Ka2 b5 37. axb5 axb5 38. Qg5 Qa1+ 39. Kb3
Rb1#
0-1

[Event "OSS Klubbmesterskap 2018"]
[Site "Bogstadveien 30, Oslo"]
[Date "2018.08.30"]
[Round "5"]
[White "Johansen, Øivind"]
[Black "Melaa, Sondre Lillestøl"]
[Result "1-0"]
[WhiteElo "2044"]
[BlackElo "2077"]

1. c4 e5 2. Nc3 Nf6 3. Nf3 Nc6 4. g3 d5 5. cxd5 Nxd5 6. d3 Be7 7. Bg2 Nb6 8.
O-O O-O 9. Be3 Be6 10. Ne4 Bd5 11. Nc3 Be6 12. Ne4 f6 13. Nc5 Bd5 14. Nxb7 Qb8
15. Nc5 Nd4 16. Bxd4 exd4 17. Rc1 Qd8 18. Nb3 c5 19. Nxc5 Bxc5 20. Rxc5 Qd6 21.
Rc1 Bxa2 22. Ra1 Bd5 23. Nd2 a5 24. Bxd5+ Nxd5 25. Nc4 Qb4 26. Ra4 Qb5 27. Qa1
Rfb8 28. Rxa5 Rxa5 29. Qxa5 Qxa5 30. Nxa5 Rxb2 31. Re1 Nc3 32. Kf1 Kf7 33. Nc6
Nb5 34. Rc1 Ke6 35. Rc4 Kd5 36. Rb4 Rxb4 37. Nxb4+ Kc5 38. Nc2 Nc7 39. Kg2 Ne6
40. Ne1 Kd5 41. Nf3 Nc5 42. Ne1 f5 43. e3 h6 44. h4 Ne6 45. Kf3 g5 46. Nc2 dxe3
47. fxe3 Ke5 48. Nb4 Nc7 49. Nc6+ Kf6 50. hxg5+ hxg5 51. g4 fxg4+ 52. Kxg4 Nd5
53. e4 Ne3+ 54. Kf3 Nc2 55. d4 Ke6 56. d5+ Kd6 57. Nd8 Nb4 58. Nf7+ Kc5 59. d6
Kc6 60. e5 Nd3 61. Ke4 Nc5+ 62. Kf5 Kd7 63. Nxg5 Nd3 64. Ne4 Nb4 65. e6+ Kc6
66. e7 Kd7 67. Nf6+ Kxd6 68. e8=Q Nc6 69. Qd7+ Kc5 70. Ne4+ Kb6 71. Ke6
1-0

[Event "OSS Klubbmesterskap 2018"]
[Site "Bogstadveien 30, Oslo"]
[Date "2018.08.30"]
[Round "5"]
[White "Tunsjø, Axel"]
[Black "Abdrlauf, Elham"]
[Result "0-1"]
[WhiteElo "1927"]
[BlackElo "2069"]

1. e4 d6 2. d4 g6 3. Nc3 Bg7 4. f4 Nd7 5. Nf3 e5 6. Bc4 Nb6 7. Bb3 exd4 8. Nxd4
Nf6 9. O-O O-O 10. h3 c5 11. Ndb5 c4 12. Ba4 Nxa4 13. Nxa4 Nxe4 14. Qd5 Qa5 15.
Qxc4 d5 16. Qb3 d4 17. Na3 Be6 18. Qd3 f5 19. b3 Rac8 20. Bb2 Rfd8 21. Bc1 a6
22. Nb1 b5 23. Nb2 Qc7 24. Na3 Bf8 25. Nb1 Qxc2 26. Qxc2 Rxc2 27. Nd3 Nc3 28.
Bb2 Bd5 29. Rf2 Rxf2 30. Kxf2 Be4
0-1

[Event "OSS Klubbmesterskap 2018"]
[Site "Bogstadveien 30, Oslo"]
[Date "2018.08.30"]
[Round "5"]
[White "Salles, Louis"]
[Black "Sidali, Elias Hulleberg"]
[Result "1-0"]
[WhiteElo "2247"]
[BlackElo "1883"]

1. Nf3 Nf6 2. c4 g6 3. b3 Bg7 4. Bb2 O-O 5. g3 b6 6. Bg2 Bb7 7. O-O d6 8. d4 a5
9. a3 Ne4 10. Qc2 Nd7 11. Ng5 Nxg5 12. Bxb7 Rb8 13. Bg2 c5 14. e3 h5 15. Nd2 h4
16. gxh4 Ne6 17. d5 Nc7 18. Bxg7 Kxg7 19. f4 Nf6 20. Nf3 Ng4 21. Rae1 f5 22. e4
Ne8 23. Ng5 Nc7 24. Bh3 Rh8 25. Bxg4 fxg4 26. Qc3+ Kg8 27. Qg3 Qd7 28. f5 b5
29. Qxg4 bxc4 30. Ne6 Rh6 31. Qg5 Kh7 32. fxg6+ Rxg6 33. Rf7+
1-0

[Event "OSS Klubbmesterskap 2018"]
[Site "Bogstadveien 30, Oslo"]
[Date "2018.08.30"]
[Round "6"]
[White "Melaa, Sondre Lillestøl"]
[Black "Salles, Louis"]
[Result "0-1"]
[WhiteElo "2077"]
[BlackElo "2247"]

1. e4 c5 2. Nf3 d6 3. d4 cxd4 4. Nxd4 Nf6 5. Nc3 a6 6. f3 e5 7. Nb3 Be7 8. Be3
Be6 9. Nd5 Nbd7 10. c4 O-O 11. Qd2 Bxd5 12. cxd5 Nh5 13. Na5 Rb8 14. Be2 Nf4
15. Kf2 f5 16. exf5 Rxf5 17. Bd1 Bg5 18. Bc2 Rf7 19. b4 Qf6 20. Be4 Qh6 21. g3
Nf6 22. Bf5 N6xd5 23. gxf4 Bh4+ 24. Ke2 Nxe3 25. Be4 exf4 26. Nxb7 Rbxb7 27.
Bxb7 Rxb7 28. Rac1 Qe6 29. Qd4 Bf6 30. Qe4 Qxa2+ 31. Kd3 Qd5+ 32. Qxd5+ Nxd5
33. Ke4 Nxb4 34. Rc8+ Kf7 35. Kxf4 d5 36. Ke3 d4+ 37. Ke4 Re7+ 38. Kf5 Nd5 39.
Kg4 Rd7 40. Kh5 Ne3 41. Rc5 d3
0-1

[Event "OSS Klubbmesterskap 2018"]
[Site "Bogstadveien 30, Oslo"]
[Date "2018.08.30"]
[Round "6"]
[White "Hansen, Tommy"]
[Black "Johansen, Øivind"]
[Result "1/2-1/2"]
[WhiteElo "1771"]
[BlackElo "2044"]

1. e4 c6 2. d4 d5 3. exd5 cxd5 4. c4 Nf6 5. Nc3 Nc6 6. Bg5 dxc4 7. d5 Ne5 8.
Qd4 Nd3+ 9. Bxd3 cxd3 10. Nf3 a6 11. O-O Bf5 12. Rfe1 Qd6 13. Bf4 Qd8 14. Rad1
Rc8 15. Qe5 Bg6 16. Nh4 Nd7 17. Qe3 Qb6 18. Nxg6 Qxe3 19. Rxe3 hxg6 20. Ne4 Kd8
21. Ng5 Ke8 22. Ne4 Kd8 23. Ng5 Ke8 24. Ne4
1/2-1/2

[Event "OSS Klubbmesterskap 2018"]
[Site "Bogstadveien 30, Oslo"]
[Date "2018.08.30"]
[Round "7"]
[White "Sidali, Elias Hulleberg"]
[Black "Melaa, Sondre Lillestøl"]
[Result "0-1"]
[WhiteElo "1883"]
[BlackElo "2077"]

1. d4 d5 2. Bf4 Nf6 3. e3 e6 4. Nf3 Bd6 5. Bg3 O-O 6. Bd3 b6 7. Nbd2 Ba6 8. O-O
Bxg3 9. hxg3 Qc8 10. Ne5 c5 11. c3 Nbd7 12. Ndf3 Bxd3 13. Qxd3 c4 14. Qc2 Nxe5
15. Nxe5 Ne4 16. a4 a6 17. Kh2 f6 18. Nf3 Qc6 19. Nd2 Nxd2 20. Qxd2 b5 21. Qc2
bxa4 22. Qxa4 Qxa4 23. Rxa4 Rfb8 24. Ra2 Rb5 25. Rfa1 a5 26. f4 f5 27. Kg1 Rab8
28. Rb1 Rb3 29. Rba1 Rxb2 30. Rxa5 Rb1+ 31. Kf2 R1b2+ 32. Kf3 Rc2 33. Ra7 Rbb2
0-1